HIND SWARAJ (Record no. 28308)

MARC details
000 -LEADER
fixed length control field 00242nam a22001217a 4500
003 - CONTROL NUMBER IDENTIFIER
control field SGT
082 ## - DEWEY DECIMAL CLASSIFICATION NUMBER
Classification number 954.034
Item number H10G
100 ## - MAIN ENTRY--PERSONAL NAME
Personal name GANDHI, MAHATMA
245 ## - TITLE STATEMENT
Title HIND SWARAJ
260 ## - PUBLICATION, DISTRIBUTION, ETC. (IMPRINT)
Name of publisher, distributor, etc HIND PRAKASHAN
Year of Publication 2010
300 ## - PAGE DESCRIPTION
No. of Pages 148
942 ## - ADDED ENTRY ELEMENTS (KOHA)
Source of classification or shelving scheme Dewey Decimal Classification
Koha item type Books
Holdings
Withdrawn status Lost status Source of classification or shelving scheme Damaged status Not for loan Home library Current library Shelving location Date acquired SGTU Total Checkouts Full call number Accession No. (Barcode) Date last seen Bill Date Koha item type
    Dewey Decimal Classification   Not For Loan SGT Chancellor's Library SGT Chancellor's Library Reference Book 21/12/2024 SGTU   954.034 H10G CH1255 21/12/2024 21/12/2024 Books